000 00621cam a2200241 04500
001 2022
010 _a9789899130630
021 _aPT
_b552986/25
090 _a2022
100 _a20251216d2025 m||y0pory5003 ba
101 _apor
102 _aPT
200 _aPoesia
_fAfonso Lopes Vieira
205 _a1ª edição
210 _a[s.l]
_cHugo Xavier e Suzana Ramos
_d2025
215 _a715 p.
_d24 cm
300 _aBMB-Registado
606 _9776
_aLiteratura Portuguesa
606 _91613
_aPoesia
675 _a821.134.3-1
_vBMB
_zpor
700 _aVieira
_bAfonso Lopes
_f1878-1946
_92894
801 _aPT
_bBMB
_gRPC
990 _cLIVROS